000 01241nam a22003497a 4500
003 CHAP
005 20220329135924.0
008 971013s1972 r 00010 d
010 _a44170
011 _a45142
035 _a49281
040 _cCHAP
090 _aTesis
100 0 0 _aTamez Villarreal, Armando de Jesús.
_9111564
245 _aEstudio agro-económico y social del ejido Los Urrutias del municipio de Salinas Victoria, N.L.
260 _aMonterrey, N.L. :
_bEl autor,
_c1972
300 _a58 h.
_b: apénd. ; gráfs.
502 _aTesis (Ing. Agrónomo) -- Univ. Autónoma de Nuevo León. Fac. de Agronomía
590 _aALEPH
_b10
_c20130110
_lUCH01
_h1313
590 _aBATCH-UPD
_b10
_c20130110
_lUCH01
_h1931
590 _aBATCH-UPD
_b10
_c20130410
_lUCH01
_h1255
590 _aBATCH-UPD
_b10
_c20130914
_lUCH01
_h1332
590 _aCONVERSION
_b10
_c20130109
_lUCH01
_h1324
650 1 4 _aEjido Los Urrutia, N.L.
_935942
650 1 4 _aEjidos
_xNuevo León.
_936024
650 1 4 _aNuevo León
_xCondiciones económicas.
_982155
650 1 4 _aNuevo León
_xCondiciones rurales.
_982156
650 1 4 _aNuevo León
_xCondiciones sociales.
_982157
901 _aBK
942 _cTESIS
949 _bBC
_cTES
_d-111239
_eTS1
_i49281
_si
999 _c44170
_d44170